El porvenir de la juventud (Record no. 162472)
[ view plain ]
| 000 -LEADER | |
|---|---|
| campo de control de longitud fija | 01053nam a2200181 i 4500 |
| 001 - NÚMERO DE CONTROL | |
| campo de control | 162472 |
| 003 - IDENTIFICADOR DE NÚMERO DE CONTROL | |
| campo de control | ES-MaACL |
| 005 - FECHA Y HORA DE LA ÚLTIMA TRANSACCIÓN | |
| campo de control | 20230906212532.0 |
| 008 - DATOS DE LONGITUD FIJA--INFORMACIÓN GENERAL | |
| campo de control de longitud fija | 050824s1869 sp |||| | spa d |
| 245 03 - MENCIÓN DEL TÍTULO | |
| Título | El porvenir de la juventud |
| Resto del título | o Reseña de todas las carreras que hay en España : con las reformas que en su organización se han introducido desde la revolución hasta despues de publicado el proyecto de Ley de Enseñanza, gastos que ocasiona cada una... / |
| Mención de responsabilidad, etc. | redactada por una Sociedad de individuos pertenecientes a diversas carreras del Estado ; [bajo la dirección de Eugenio Sirera y Mallén]. |
| 246 30 - FORMA VARIANTE DEL TITULO | |
| Título propio/Titulo breve | Reseña de todas las carreras que hay en España |
| 260 ## - PUBLICACIÓN, DISTRIBUCIÓN, ETC. | |
| Lugar de publicación, distribución, etc. | Madrid : |
| Nombre del editor, distribuidor, etc. | [s.n.], |
| Fecha de publicación, distribución, etc. | 1869 ( |
| Fabricante | Imp. de J.M. Lapuente) |
| 300 ## - DESCRIPCIÓN FÍSICA | |
| Extensión | 94 p. ; |
| Dimensiones | 20 cm. |
| 594 ## - Nota al título y mención de responsabilidad | |
| Nota al título y mención de responsabilidad | El nombre del dir. de la obra tomado de la cub. original. |
| 650 #4 - PUNTO DE ACCESO ADICIONAL DE MATERIA--TÉRMINO DE MATERIA | |
| Término de materia o nombre geográfico como elemento de entrada | Enseñanza superior- |
| Subdivisión geográfica | España- |
| Subdivisión cronológica | S.XIX. |
| 9 (RLIN) | 144821 |
| 700 1# - ENTRADA AGREGADA--NOMBRE PERSONAL | |
| Nombre de persona | Sirera y Mallén, Eugenio. |
| 9 (RLIN) | 132767 |
| 852 ## - LOCALIZACIÓN | |
| Ubicación | ES-MaACL |
| Número de control de estantería | T-586-F-4 |
| Nota libre | - Enc. hol. conservando cub. original |
| -- | - Enc. en un vol. facticio |
| Estatus retirado | Estado de pérdida | Estado de daño | No para préstamo | Colección | Biblioteca de origen | Biblioteca actual | Ubicación en estantería | Fecha de adquisición | Total de préstamos | Signatura topográfica completa | Código de barras | Visto por última vez | Precio de reemplazo | Tipo de ítem Koha |
|---|---|---|---|---|---|---|---|---|---|---|---|---|---|---|
| Colección de folletos | Biblioteca del Ateneo de Madrid | Biblioteca del Ateneo de Madrid | Depósito folletos | 17/01/2008 | T-586-F-4 | 1170210 | 23/02/2023 | 23/02/2023 | Folleto |
